[Event "FIDE Online-ch U10 Girls 2020"]
[Site "Online"]
[Date "2020.12.19"]
[Round "2.1"]
[White "Vidyarthi, Omya"]
[Black "Shreya G Hipparagi"]
[Result "1-0"]
[WhiteElo "1709"]
[BlackElo "1273"]
[Annotator "NA"]
[PlyCount "85"]
[EventDate "2020.12.18"]
[EventType "k.o."]
[EventCountry "NET"]
[SourceTitle "playchess.com"]
[Source "ChessBase"]
[SourceQuality "1"]

1. d4 {[%emt 0:00:00]} d5 {[%emt 0:00:05]} 2. Bf4 {[%emt 0:00:04]} Bf5 {[%emt 0:00:02]} 3. e3 {[%emt 0:00:03]} e6 {[%emt 0:00:08]} 4. Nf3 {[%emt 0:00:11]} Nf6 {[%emt 0:00:03]} 5. c4 {[%emt 0:00:04]} c6 {[%emt 0:00:02]} 6. Qb3 {[%emt 0:00:07]} Qa5+ {[%emt 0:01:00]} 7. Nc3 {[%emt 0:00:07]} Bb4 {[%emt 0:00:20]} 8. Be2 {[%emt 0:00:26]} Ne4 {[%emt 0:00:58]} 9. Rc1 {[%emt 0:00:53]} Bxc3+ {[%emt 0:00:09]} 10. bxc3 {[%emt 0:00:04]} Qb6 {[%emt 0:00:04]} 11. c5 {[%emt 0:00:11]} Qxb3 {[%emt 0:00:06]} 12. axb3 {[%emt 0:00:02]} Nd7 {[%emt 0:00:04]} 13. c4 {[%emt 0:00:40]} O-O {[%emt 0:00:15]} 14. O-O {[%emt 0:00:10]} a5 {[%emt 0:00:34]} 15. Nh4 {[%emt 0:00:26]} Nd2 {[%emt 0:01:08]} 16. Nxf5 {[%emt 0:00:56]} exf5 {[%emt 0:00:05]} 17. Rfd1 {[%emt 0:00:08]} Nxb3 {[%emt 0:00:12]} 18. Rb1 {[%emt 0:00:02]} a4 {[%emt 0:00:04]} 19. cxd5 {[%emt 0:00:13]} Nf6 {[%emt 0:01:30]} 20. dxc6 {[%emt 0:01:15]} bxc6 {[%emt 0:00:23]} 21. Bc4 {[%emt 0:00:40]} Na5 {[%emt 0:00:08]} 22. Ba2 {[%emt 0:00:07]} Ne4 {[%emt 0:00:32]} 23. Rd3 {[%emt 0:00:26]} Nb3 {[%emt 0:01:56]} 24. Bxb3 {[%emt 0:00:23]} axb3 {[%emt 0:00:04]} 25. f3 {[%emt 0:00:03]} Nf6 {[%emt 0:00:47]} 26. Rdxb3 {[%emt 0:00:07]} Nd5 {[%emt 0:00:03]} 27. Bd6 {[%emt 0:00:38]} Rfe8 {[%emt 0:00:09]} 28. Re1 {[%emt 0:00:40]} f6 {[%emt 0:00:53]} 29. e4 {[%emt 0:01:17]} Ra4 {[%emt 0:01:22]} 30. Rd3 {[%emt 0:00:13]} Nb4 {[%emt 0:00:12]} 31. Rd2 {[%emt 0:00:11]} Ra3 {[%emt 0:00:49]} 32. h3 {[%emt 0:00:57]} f4 {[%emt 0:00:41]} 33. Rb1 {[%emt 0:00:24]} Na2 {[%emt 0:00:41]} 34. Ra1 {[%emt 0:00:25]} Rea8 {[%emt 0:00:05]} 35. Bxf4 {[%emt 0:00:12]} Nc3 {[%emt 0:00:16]} 36. Rxa3 {[%emt 0:00:05]} Rxa3 {[%emt 0:00:02]} 37. Kh2 {[%emt 0:00:12]} Ra4 {[%emt 0:00:48]} 38. Bg3 {[%emt 0:00:50]} Nb5 {[%emt 0:00:12]} 39. d5 {[%emt 0:00:07]} cxd5 {[%emt 0:00:03]} 40. exd5 {[%emt 0:00:02]} Ra8 {[%emt 0:00:02]} 41. c6 {[%emt 0:00:08]} Kf7 {[%emt 0:00:07]} 42. d6 {[%emt 0:00:09]} Ke6 {[%emt 0:00:14]} 43. d7 {[%emt 0:00:22]} 1-0

[Event "FIDE Online-ch U10 Girls 2020"]
[Site "Online"]
[Date "2020.12.19"]
[Round "2.1"]
[White "Alfano, Emilie"]
[Black "Preobrazhenskaya, Diana"]
[Result "1/2-1/2"]
[WhiteElo "1621"]
[BlackElo "1629"]
[Annotator "NA"]
[PlyCount "166"]
[EventDate "2020.12.18"]
[EventType "k.o."]
[EventCountry "NET"]
[SourceTitle "playchess.com"]
[Source "ChessBase"]
[SourceQuality "1"]

1. e4 {[%emt 0:00:00]} c5 {[%emt 0:00:04]} 2. Nf3 {[%emt 0:00:06]} a6 {[%emt 0:00:04]} 3. c3 {[%emt 0:00:16]} d5 {[%emt 0:00:31]} 4. exd5 {[%emt 0:00:05]} Nf6 {[%emt 0:00:20]} 5. d4 {[%emt 0:00:12]} Qxd5 {[%emt 0:00:17]} 6. Nbd2 {[%emt 0:00:17]} Nc6 {[%emt 0:01:57]} 7. c4 {[%emt 0:00:44]} Qe6+ {[%emt 0:00:57]} 8. Be2 {[%emt 0:00:29]} cxd4 {[%emt 0:00:35]} 9. Nb3 {[%emt 0:00:16]} Qd6 {[%emt 0:02:05]} 10. Nbxd4 {[%emt 0:00:36]} g6 {[%emt 0:01:13]} 11. Nxc6 {[%emt 0:00:35]} Qxc6 {[%emt 0:01:00]} 12. b3 {[%emt 0:00:31]} Bg7 {[%emt 0:00:19]} 13. Bb2 {[%emt 0:00:15]} O-O {[%emt 0:00:08]} 14. O-O {[%emt 0:00:09]} Qc7 {[%emt 0:00:39]} 15. Qc2 {[%emt 0:00:58]} Rd8 {[%emt 0:01:05]} 16. Rad1 {[%emt 0:00:18]} Bf5 {[%emt 0:00:10]} 17. Qc1 {[%emt 0:00:29]} Rac8 {[%emt 0:00:48]} 18. Be5 {[%emt 0:00:44]} Qc5 {[%emt 0:00:37]} 19. Qb2 {[%emt 0:00:25]} a5 {[%emt 0:00:48]} 20. Bd4 {[%emt 0:00:21]} Qc7 {[%emt 0:00:35]} 21. Bd3 {[%emt 0:00:54]} Bg4 {[%emt 0:00:25]} 22. Be2 {[%emt 0:00:11]} b6 {[%emt 0:02:11]} 23. h3 {[%emt 0:00:13]} Bf5 {[%emt 0:00:27]} 24. Bd3 {[%emt 0:00:34]} Bxd3 {[%emt 0:00:13]} 25. Rxd3 {[%emt 0:00:06]} Qb7 {[%emt 0:00:09]} 26. Rfd1 {[%emt 0:00:28]} Rd6 {[%emt 0:00:33]} 27. Be5 {[%emt 0:00:23]} Rxd3 {[%emt 0:00:13]} 28. Rxd3 {[%emt 0:00:03]} b5 {[%emt 0:00:23]} 29. cxb5 {[%emt 0:00:36]} Qxb5 {[%emt 0:00:10]} 30. Rd1 {[%emt 0:00:23]} h6 {[%emt 0:00:31]} 31. Qd2 {[%emt 0:01:01]} Ne4 {[%emt 0:00:24]} 32. Qb2 {[%emt 0:00:17]} f6 {[%emt 0:00:15]} 33. Bd4 {[%emt 0:00:14]} e5 {[%emt 0:00:11]} 34. Be3 {[%emt 0:00:22]} f5 {[%emt 0:00:06]} 35. Rc1 {[%emt 0:01:39]} Rd8 {[%emt 0:00:11]} 36. Nd2 {[%emt 0:00:33]} Nxd2 {[%emt 0:00:10]} 37. Bxd2 {[%emt 0:00:02]} Qe2 {[%emt 0:00:10]} 38. Bc3 {[%emt 0:01:29]} Rd1+ {[%emt 0:00:12]} 39. Rxd1 {[%emt 0:00:22]} Qxd1+ {[%emt 0:00:02]} 40. Kh2 {[%emt 0:00:03]} Qd6 {[%emt 0:00:13]} 41. Qd2 {[%emt 0:00:25]} Qc7 {[%emt 0:00:16]} 42. Bxa5 {[%emt 0:00:11]} Qc6 {[%emt 0:00:08]} 43. Qc3 {[%emt 0:00:26]} Qd6 {[%emt 0:00:12]} 44. Qd2 {[%emt 0:00:08]} Qc5 {[%emt 0:00:09]} 45. Bb4 {[%emt 0:00:21]} Qb6 {[%emt 0:00:09]} 46. a4 {[%emt 0:00:22]} e4 {[%emt 0:00:09]} 47. a5 {[%emt 0:00:33]} Be5+ {[%emt 0:00:07]} 48. Kg1 {[%emt 0:00:09]} Qc7 {[%emt 0:00:10]} 49. Qxh6 {[%emt 0:00:22]} Qf7 {[%emt 0:00:10]} 50. a6 {[%emt 0:00:19]} Bg7 {[%emt 0:00:05]} 51. Qe3 {[%emt 0:00:20]} Qd7 {[%emt 0:00:15]} 52. Bd2 {[%emt 0:00:18]} Bd4 {[%emt 0:00:09]} 53. Qe2 {[%emt 0:00:05]} Qa7 {[%emt 0:00:12]} 54. Be3 {[%emt 0:00:05]} Bxe3 {[%emt 0:00:10]} 55. fxe3 {[%emt 0:00:02]} f4 {[%emt 0:00:10]} 56. Qc4+ {[%emt 0:00:09]} Kh7 {[%emt 0:00:12]} 57. Qxe4 {[%emt 0:00:10]} Qxa6 {[%emt 0:00:12]} 58. Qxf4 {[%emt 0:00:16]} Qa1+ {[%emt 0:00:07]} 59. Kh2 {[%emt 0:00:04]} Qc3 {[%emt 0:00:09]} 60. b4 {[%emt 0:00:04]} Qb3 {[%emt 0:00:13]} 61. Qc7+ {[%emt 0:00:27]} Kh6 {[%emt 0:00:11]} 62. Qe7 {[%emt 0:00:15]} Qb2 {[%emt 0:00:11]} 63. e4 {[%emt 0:00:19]} Qb1 {[%emt 0:00:10]} 64. e5 {[%emt 0:00:08]} Qe4 {[%emt 0:00:06]} 65. Qf8+ {[%emt 0:00:29]} Kh7 {[%emt 0:00:08]} 66. Qf7+ {[%emt 0:00:06]} Kh6 {[%emt 0:00:11]} 67. e6 {[%emt 0:00:53]} Qe5+ {[%emt 0:00:07]} 68. Kg1 {[%emt 0:00:39]} Qe1+ {[%emt 0:00:06]} 69. Qf1 {[%emt 0:00:04]} Qxe6 {[%emt 0:00:16]} 70. Qc1+ {[%emt 0:00:10]} Kh7 {[%emt 0:00:13]} 71. Qc7+ {[%emt 0:00:05]} Kh6 {[%emt 0:00:09]} 72. Qf4+ {[%emt 0:00:04]} Kh7 {[%emt 0:00:12]} 73. b5 {[%emt 0:00:08]} Qb6+ {[%emt 0:00:05]} 74. Kh2 {[%emt 0:00:10]} Qxb5 {[%emt 0:00:10]} 75. Qf7+ {[%emt 0:00:02]} Kh6 {[%emt 0:00:07]} 76. Qf4+ {[%emt 0:00:03]} Kh7 {[%emt 0:00:10]} 77. Qh4+ {[%emt 0:00:06]} Kg7 {[%emt 0:00:12]} 78. Qe7+ {[%emt 0:00:03]} Kh6 {[%emt 0:00:07]} 79. Qe3+ {[%emt 0:00:05]} Kh7 {[%emt 0:00:11]} 80. Qe7+ {[%emt 0:00:11]} Kh6 {[%emt 0:00:08]} 81. Qh4+ {[%emt 0:00:03]} Kg7 {[%emt 0:00:05]} 82. Qd4+ {[%emt 0:00:08]} Kh7 {[%emt 0:00:10]} 83. Qh4+ {[%emt 0:00:05]} Kg7 {[%emt 0:00:03]} 1/2-1/2

[Event "FIDE Online-ch U10 Girls 2020"]
[Site "Online"]
[Date "2020.12.19"]
[Round "2.1"]
[White "Bashirli, Saadat"]
[Black "Mohammadi, Melika"]
[Result "1-0"]
[WhiteElo "1320"]
[BlackElo "1745"]
[Annotator "NA"]
[PlyCount "99"]
[EventDate "2020.12.18"]
[EventType "k.o."]
[EventCountry "NET"]
[SourceTitle "playchess.com"]
[Source "ChessBase"]
[SourceQuality "1"]

1. d4 {[%emt 0:00:00]} d5 {[%emt 0:00:03]} 2. Bg5 {[%emt 0:00:07]} f6 {[%emt 0:00:07]} 3. Bf4 {[%emt 0:00:03]} Nc6 {[%emt 0:00:05]} 4. Nf3 {[%emt 0:00:07]} g5 {[%emt 0:00:18]} 5. Bg3 {[%emt 0:00:06]} h5 {[%emt 0:00:23]} 6. h3 {[%emt 0:00:04]} Bf5 {[%emt 0:01:29]} 7. e3 {[%emt 0:00:33]} e6 {[%emt 0:01:22]} 8. Bd3 {[%emt 0:00:11]} Nh6 {[%emt 0:01:01]} 9. c4 {[%emt 0:01:10]} Nb4 {[%emt 0:02:28]} 10. Bxf5 {[%emt 0:00:41]} Nxf5 {[%emt 0:00:03]} 11. c5 {[%emt 0:00:43]} Nxg3 {[%emt 0:01:05]} 12. fxg3 {[%emt 0:00:05]} Nc6 {[%emt 0:00:04]} 13. Nc3 {[%emt 0:00:10]} Qd7 {[%emt 0:00:49]} 14. a3 {[%emt 0:00:35]} a5 {[%emt 0:02:30]} 15. Rb1 {[%emt 0:01:16]} Be7 {[%emt 0:00:40]} 16. Qd3 {[%emt 0:00:23]} Kf7 {[%emt 0:00:41]} 17. O-O {[%emt 0:00:32]} Kg7 {[%emt 0:00:14]} 18. b4 {[%emt 0:01:48]} g4 {[%emt 0:02:26]} 19. Nh4 {[%emt 0:00:44]} f5 {[%emt 0:00:13]} 20. Nxf5+ {[%emt 0:01:08]} exf5 {[%emt 0:00:13]} 21. Rxf5 {[%emt 0:00:04]} Raf8 {[%emt 0:00:38]} 22. Rxd5 {[%emt 0:00:25]} Qe6 {[%emt 0:00:07]} 23. b5 {[%emt 0:00:56]} Nd8 {[%emt 0:00:21]} 24. Re5 {[%emt 0:00:44]} Qf7 {[%emt 0:00:08]} 25. Nd5 {[%emt 0:01:20]} Qf2+ {[%emt 0:00:54]} 26. Kh2 {[%emt 0:00:11]} gxh3 {[%emt 0:00:36]} 27. Rxe7+ {[%emt 0:00:19]} Kh6 {[%emt 0:00:03]} 28. Qe4 {[%emt 0:01:20]} Qxg2+ {[%emt 0:00:24]} 29. Qxg2 {[%emt 0:00:05]} hxg2 {[%emt 0:00:01]} 30. Kxg2 {[%emt 0:00:02]} c6 {[%emt 0:00:11]} 31. Nf4 {[%emt 0:00:18]} Rhg8 {[%emt 0:00:08]} 32. bxc6 {[%emt 0:00:20]} bxc6 {[%emt 0:00:17]} 33. Rh1 {[%emt 0:00:32]} Rg5 {[%emt 0:00:07]} 34. Kf3 {[%emt 0:01:00]} Rfg8 {[%emt 0:00:10]} 35. Rh3 {[%emt 0:00:07]} Rf5 {[%emt 0:00:14]} 36. e4 {[%emt 0:00:15]} Rfg5 {[%emt 0:00:02]} 37. d5 {[%emt 0:00:09]} Rf8 {[%emt 0:00:11]} 38. g4 {[%emt 0:00:45]} cxd5 {[%emt 0:00:17]} 39. Rxh5+ {[%emt 0:00:39]} Rxh5 {[%emt 0:00:02]} 40. gxh5 {[%emt 0:00:04]} d4 {[%emt 0:00:16]} 41. Kg4 {[%emt 0:00:20]} Rg8+ {[%emt 0:00:10]} 42. Kh4 {[%emt 0:00:29]} Rf8 {[%emt 0:00:11]} 43. Kg4 {[%emt 0:00:42]} Rg8+ {[%emt 0:00:05]} 44. Ng6 {[%emt 0:00:03]} Nc6 {[%emt 0:00:14]} 45. Re6 {[%emt 0:00:15]} Na7 {[%emt 0:00:13]} 46. Kf5 {[%emt 0:00:11]} Kg7 {[%emt 0:00:12]} 47. Re7+ {[%emt 0:00:05]} Kh6 {[%emt 0:00:02]} 48. Rxa7 {[%emt 0:00:14]} Rd8 {[%emt 0:00:02]} 49. c6 {[%emt 0:00:21]} d3 {[%emt 0:00:04]} 50. Rd7 {[%emt 0:00:05]} 1-0

[Event "FIDE Online-ch U10 Girls 2020"]
[Site "Online"]
[Date "2020.12.19"]
[Round "2.2"]
[White "Mohammadi, Melika"]
[Black "Bashirli, Saadat"]
[Result "1/2-1/2"]
[WhiteElo "1745"]
[BlackElo "1320"]
[Annotator "NA"]
[PlyCount "131"]
[EventDate "2020.12.18"]
[EventType "k.o."]
[EventCountry "NET"]
[SourceTitle "playchess.com"]
[Source "ChessBase"]
[SourceQuality "1"]

1. e4 {[%emt 0:00:00]} c5 {[%emt 0:00:03]} 2. Nf3 {[%emt 0:00:03]} g6 {[%emt 0:00:02]} 3. d4 {[%emt 0:00:01]} cxd4 {[%emt 0:00:02]} 4. Qxd4 {[%emt 0:00:02]} Nf6 {[%emt 0:00:02]} 5. e5 {[%emt 0:00:01]} Nc6 {[%emt 0:00:03]} 6. Qa4 {[%emt 0:00:02]} Nd5 {[%emt 0:00:13]} 7. Qb3 {[%emt 0:00:03]} Nc7 {[%emt 0:00:07]} 8. Nc3 {[%emt 0:00:04]} Bg7 {[%emt 0:00:03]} 9. Bf4 {[%emt 0:00:12]} O-O {[%emt 0:00:04]} 10. O-O-O {[%emt 0:00:12]} Ne6 {[%emt 0:00:09]} 11. Be3 {[%emt 0:00:28]} Nxe5 {[%emt 0:00:07]} 12. Nxe5 {[%emt 0:00:03]} Bxe5 {[%emt 0:00:04]} 13. g3 {[%emt 0:00:26]} d6 {[%emt 0:00:06]} 14. h4 {[%emt 0:00:25]} h5 {[%emt 0:00:44]} 15. Bd3 {[%emt 0:01:01]} Ng7 {[%emt 0:00:49]} 16. Ne4 {[%emt 0:01:16]} Be6 {[%emt 0:00:30]} 17. Bc4 {[%emt 0:00:43]} Qc7 {[%emt 0:00:37]} 18. Bxe6 {[%emt 0:00:20]} Nxe6 {[%emt 0:00:06]} 19. g4 {[%emt 0:00:47]} Ng7 {[%emt 0:00:25]} 20. Rdg1 {[%emt 0:02:08]} Kh8 {[%emt 0:01:25]} 21. gxh5 {[%emt 0:00:59]} Nxh5 {[%emt 0:00:08]} 22. Ng3 {[%emt 0:00:07]} Bxg3 {[%emt 0:01:05]} 23. fxg3 {[%emt 0:00:03]} f5 {[%emt 0:00:45]} 24. g4 {[%emt 0:00:07]} fxg4 {[%emt 0:00:18]} 25. Rxg4 {[%emt 0:00:06]} Rf6 {[%emt 0:00:36]} 26. Bg5 {[%emt 0:00:09]} Rf5 {[%emt 0:00:32]} 27. Qe6 {[%emt 0:00:13]} Rc8 {[%emt 0:00:44]} 28. Rg2 {[%emt 0:00:16]} Qc4 {[%emt 0:02:31]} 29. Qe1 {[%emt 0:00:28]} Qxa2 {[%emt 0:00:11]} 30. c3 {[%emt 0:02:01]} Qa1+ {[%emt 0:01:06]} 31. Kc2 {[%emt 0:00:03]} Qxe1 {[%emt 0:00:20]} 32. Rxe1 {[%emt 0:00:02]} e5 {[%emt 0:00:27]} 33. Be7 {[%emt 0:00:18]} Nf4 {[%emt 0:00:20]} 34. Rd2 {[%emt 0:00:05]} d5 {[%emt 0:00:05]} 35. Bg5 {[%emt 0:00:29]} Rc5 {[%emt 0:01:11]} 36. Rxe5 {[%emt 0:00:15]} Rxe5 {[%emt 0:00:18]} 37. Bf6+ {[%emt 0:00:09]} Kh7 {[%emt 0:00:04]} 38. Bxe5 {[%emt 0:00:02]} Ne6 {[%emt 0:00:18]} 39. Bd6 {[%emt 0:00:09]} Rb5 {[%emt 0:00:06]} 40. Re2 {[%emt 0:00:03]} Ng7 {[%emt 0:00:22]} 41. Re7 {[%emt 0:00:04]} Kg8 {[%emt 0:00:06]} 42. Be5 {[%emt 0:00:11]} Nf5 {[%emt 0:00:28]} 43. Re8+ {[%emt 0:00:04]} Kf7 {[%emt 0:00:07]} 44. Rh8 {[%emt 0:00:03]} Ne3+ {[%emt 0:00:38]} 45. Kc1 {[%emt 0:00:08]} Nc4 {[%emt 0:00:05]} 46. Bd4 {[%emt 0:00:02]} Nxb2 {[%emt 0:00:07]} 47. Bxa7 {[%emt 0:00:10]} Nc4 {[%emt 0:00:22]} 48. Bd4 {[%emt 0:00:05]} Nd6 {[%emt 0:00:14]} 49. Rh7+ {[%emt 0:00:11]} Ke6 {[%emt 0:00:06]} 50. h5 {[%emt 0:00:05]} gxh5 {[%emt 0:00:07]} 51. Rxh5 {[%emt 0:00:02]} Ne4 {[%emt 0:00:08]} 52. Rh6+ {[%emt 0:00:05]} Kf5 {[%emt 0:00:06]} 53. Rh5+ {[%emt 0:00:12]} Kf4 {[%emt 0:00:07]} 54. c4 {[%emt 0:00:19]} Rb4 {[%emt 0:00:13]} 55. Rxd5 {[%emt 0:00:19]} Rxc4+ {[%emt 0:00:04]} 56. Kb2 {[%emt 0:00:04]} Rc6 {[%emt 0:00:15]} 57. Rb5 {[%emt 0:00:08]} Rg6 {[%emt 0:00:21]} 58. Rxb7 {[%emt 0:00:13]} Rg2+ {[%emt 0:00:04]} 59. Ka3 {[%emt 0:00:05]} Rg3+ {[%emt 0:00:20]} 60. Ka4 {[%emt 0:00:19]} Rg2 {[%emt 0:00:12]} 61. Rf7+ {[%emt 0:00:09]} Kg4 {[%emt 0:00:24]} 62. Rg7+ {[%emt 0:00:07]} Kf3 {[%emt 0:00:05]} 63. Rxg2 {[%emt 0:00:21]} Kxg2 {[%emt 0:00:03]} 64. Kb5 {[%emt 0:00:05]} Nd6+ {[%emt 0:00:10]} 65. Kc5 {[%emt 0:00:02]} Nc4 {[%emt 0:00:02]} 66. Kxc4 {[%emt 0:00:02]} 1/2-1/2

[Event "FIDE Online-ch U10 Girls 2020"]
[Site "Online"]
[Date "2020.12.19"]
[Round "2.2"]
[White "Preobrazhenskaya, Diana"]
[Black "Alfano, Emilie"]
[Result "1-0"]
[WhiteElo "1629"]
[BlackElo "1621"]
[Annotator "NA"]
[PlyCount "183"]
[EventDate "2020.12.18"]
[EventType "k.o."]
[EventCountry "NET"]
[SourceTitle "playchess.com"]
[Source "ChessBase"]
[SourceQuality "1"]

1. e4 {[%emt 0:00:00]} e5 {[%emt 0:00:03]} 2. Nf3 {[%emt 0:00:03]} Nc6 {[%emt 0:00:02]} 3. c3 {[%emt 0:00:03]} Bc5 {[%emt 0:00:10]} 4. d4 {[%emt 0:00:06]} exd4 {[%emt 0:00:05]} 5. cxd4 {[%emt 0:00:01]} Bb4+ {[%emt 0:00:03]} 6. Bd2 {[%emt 0:00:12]} Bxd2+ {[%emt 0:00:05]} 7. Qxd2 {[%emt 0:00:02]} d6 {[%emt 0:00:24]} 8. Nc3 {[%emt 0:00:41]} Nf6 {[%emt 0:00:07]} 9. Bd3 {[%emt 0:00:28]} O-O {[%emt 0:00:11]} 10. O-O {[%emt 0:00:32]} Bg4 {[%emt 0:00:50]} 11. d5 {[%emt 0:02:32]} Ne7 {[%emt 0:00:48]} 12. Nd4 {[%emt 0:01:22]} Ng6 {[%emt 0:00:18]} 13. f4 {[%emt 0:00:44]} Bd7 {[%emt 0:00:19]} 14. Rae1 {[%emt 0:00:34]} Re8 {[%emt 0:00:16]} 15. h3 {[%emt 0:00:46]} a6 {[%emt 0:01:56]} 16. g4 {[%emt 0:01:13]} h6 {[%emt 0:00:31]} 17. Nf3 {[%emt 0:00:28]} Bb5 {[%emt 0:00:58]} 18. Bxb5 {[%emt 0:03:43]} axb5 {[%emt 0:00:08]} 19. e5 {[%emt 0:01:25]} b4 {[%emt 0:02:05]} 20. exf6 {[%emt 0:00:42]} bxc3 {[%emt 0:00:04]} 21. Rxe8+ {[%emt 0:00:53]} Qxe8 {[%emt 0:00:08]} 22. bxc3 {[%emt 0:00:22]} Qe4 {[%emt 0:01:10]} 23. f5 {[%emt 0:01:36]} Nf4 {[%emt 0:00:20]} 24. Kh2 {[%emt 0:00:11]} Nxd5 {[%emt 0:00:25]} 25. fxg7 {[%emt 0:00:13]} Kxg7 {[%emt 0:00:12]} 26. Nd4 {[%emt 0:00:14]} Ne3 {[%emt 0:01:43]} 27. Rf2 {[%emt 0:00:07]} Qe5+ {[%emt 0:00:29]} 28. Kh1 {[%emt 0:00:04]} Nc4 {[%emt 0:00:17]} 29. Qd1 {[%emt 0:00:15]} Ne3 {[%emt 0:00:41]} 30. Qd2 {[%emt 0:00:14]} Nc4 {[%emt 0:01:11]} 31. Qe2 {[%emt 0:00:08]} Qxe2 {[%emt 0:00:06]} 32. Rxe2 {[%emt 0:00:02]} Ne5 {[%emt 0:00:15]} 33. Nb5 {[%emt 0:00:12]} Rc8 {[%emt 0:00:24]} 34. Kg2 {[%emt 0:00:14]} Kf6 {[%emt 0:00:16]} 35. Kg3 {[%emt 0:00:05]} Ke7 {[%emt 0:00:15]} 36. Kf4 {[%emt 0:00:13]} f6 {[%emt 0:00:06]} 37. Nd4 {[%emt 0:00:14]} Kf7 {[%emt 0:00:17]} 38. Ne6 {[%emt 0:00:07]} c6 {[%emt 0:00:15]} 39. Rd2 {[%emt 0:00:13]} Ke7 {[%emt 0:00:17]} 40. h4 {[%emt 0:00:10]} Ra8 {[%emt 0:00:19]} 41. g5 {[%emt 0:00:14]} hxg5+ {[%emt 0:00:11]} 42. hxg5 {[%emt 0:00:04]} fxg5+ {[%emt 0:00:27]} 43. Nxg5 {[%emt 0:00:12]} Rg8 {[%emt 0:00:03]} 44. f6+ {[%emt 0:00:09]} Kxf6 {[%emt 0:00:29]} 45. Rxd6+ {[%emt 0:00:06]} Ke7 {[%emt 0:00:36]} 46. Re6+ {[%emt 0:00:04]} Kd7 {[%emt 0:00:30]} 47. Rxe5 {[%emt 0:00:03]} Ra8 {[%emt 0:00:07]} 48. Re2 {[%emt 0:00:09]} Ra3 {[%emt 0:00:10]} 49. Ne4 {[%emt 0:00:07]} Kc7 {[%emt 0:00:21]} 50. Ke3 {[%emt 0:00:14]} Kb6 {[%emt 0:00:13]} 51. Rb2+ {[%emt 0:00:14]} Kc7 {[%emt 0:00:05]} 52. Kd3 {[%emt 0:00:11]} Ra5 {[%emt 0:00:16]} 53. Nd2 {[%emt 0:00:15]} b6 {[%emt 0:00:28]} 54. Nc4 {[%emt 0:00:15]} Rd5+ {[%emt 0:00:06]} 55. Ke4 {[%emt 0:00:15]} b5 {[%emt 0:00:04]} 56. Ne3 {[%emt 0:00:07]} Rc5 {[%emt 0:00:11]} 57. Kd4 {[%emt 0:00:11]} Rh5 {[%emt 0:00:04]} 58. Rg2 {[%emt 0:00:10]} Kb6 {[%emt 0:00:05]} 59. Kd3 {[%emt 0:00:06]} Rh8 {[%emt 0:00:07]} 60. Rg6 {[%emt 0:00:11]} Rd8+ {[%emt 0:00:05]} 61. Kc2 {[%emt 0:00:03]} Kb7 {[%emt 0:00:07]} 62. Nf5 {[%emt 0:00:09]} Rd5 {[%emt 0:00:19]} 63. Nd4 {[%emt 0:00:14]} Rc5 {[%emt 0:00:09]} 64. Kb3 {[%emt 0:00:10]} Rc4 {[%emt 0:00:05]} 65. Ne6 {[%emt 0:00:18]} Kb6 {[%emt 0:00:14]} 66. Nd4 {[%emt 0:00:10]} Kb7 {[%emt 0:00:06]} 67. Rd6 {[%emt 0:00:11]} Kb6 {[%emt 0:00:07]} 68. Rd8 {[%emt 0:00:07]} Kb7 {[%emt 0:00:06]} 69. Nc2 {[%emt 0:00:09]} Ka7 {[%emt 0:00:20]} 70. Rd4 {[%emt 0:00:08]} Rc5 {[%emt 0:00:26]} 71. Nb4 {[%emt 0:00:09]} Kb6 {[%emt 0:00:12]} 72. Rh4 {[%emt 0:00:12]} Kb7 {[%emt 0:00:08]} 73. Nd3 {[%emt 0:00:05]} Rd5 {[%emt 0:00:10]} 74. Rd4 {[%emt 0:00:06]} Rf5 {[%emt 0:00:10]} 75. Nf4 {[%emt 0:00:16]} Kb6 {[%emt 0:00:08]} 76. Re4 {[%emt 0:00:06]} Rc5 {[%emt 0:00:13]} 77. Kb4 {[%emt 0:00:12]} Rf5 {[%emt 0:00:12]} 78. Ne6 {[%emt 0:00:15]} Rf7 {[%emt 0:00:13]} 79. Nc5 {[%emt 0:00:11]} Rf5 {[%emt 0:00:22]} 80. Nd7+ {[%emt 0:00:09]} Kc7 {[%emt 0:00:06]} 81. Ne5 {[%emt 0:00:12]} Kb6 {[%emt 0:00:10]} 82. Re2 {[%emt 0:00:11]} Rf6 {[%emt 0:00:36]} 83. Nd7+ {[%emt 0:00:03]} Ka6 {[%emt 0:00:04]} 84. Nxf6 {[%emt 0:00:02]} Kb6 {[%emt 0:00:03]} 85. Re6 {[%emt 0:00:04]} Kc7 {[%emt 0:00:05]} 86. Kc5 {[%emt 0:00:04]} Kb7 {[%emt 0:00:07]} 87. Rxc6 {[%emt 0:00:10]} b4 {[%emt 0:00:04]} 88. cxb4 {[%emt 0:00:05]} Ka7 {[%emt 0:00:03]} 89. b5 {[%emt 0:00:12]} Ka8 {[%emt 0:00:03]} 90. Kb6 {[%emt 0:00:07]} Kb8 {[%emt 0:00:05]} 91. Nd7+ {[%emt 0:00:02]} Ka8 {[%emt 0:00:03]} 92. Rc8# {[%emt 0:00:01]} 1-0